| 000 | 00341nam a22001457a 4500 | ||
|---|---|---|---|
| 003 | OSt | ||
| 005 | 20230712054921.0 | ||
| 008 | 230712b |||||||| |||| 00| 0 eng d | ||
| 040 | _csero soft | ||
| 100 | _aArora,Monika | ||
| 245 | _aVolleyball Coaching Manual | ||
| 260 |
_aNew Delhi _bSPorts Publication |
||
| 300 | _a203 | ||
| 942 |
_2ddc _c01 |
||
| 999 |
_c56849 _d56849 |
||